Grundzüge der Wirtschaftsinformatik
Guardado en:
| Autor principal: | |
|---|---|
| Otros Autores: | , |
| Formato: | Libro |
| Lenguaje: | alemán |
| Publicado: |
Berlin
Springer
1992
|
| Edición: | 2. verb. Aufl. |
| Materias: | |
| Etiquetas: |
Sin Etiquetas, Sea el primero en etiquetar este registro!
|
MARC
| LEADER | 00000nam a2200000 4500 | ||
|---|---|---|---|
| 001 | c002439 | ||
| 005 | 20221221080151.9 | ||
| 020 | |a 3-540-55790-3 | ||
| 041 | 0 | |a ger | |
| 044 | |a DE | ||
| 245 | 1 | 0 | |a Grundzüge der Wirtschaftsinformatik |c Peter Mertens, Freimut Bodendorf, Wolfgang König |
| 250 | |a 2. verb. Aufl. | ||
| 264 | 1 | |a Berlin |b Springer |c 1992 | |
| 300 | |a 210 s. | ||
| 610 | 2 | 0 | |a informatika ekonomická |
| 610 | 2 | 0 | |a hardvér |
| 610 | 2 | 0 | |a softvér |
| 610 | 2 | 0 | |a integrácia |
| 610 | 2 | 0 | |a siete počítačové |
| 610 | 2 | 0 | |a spracovanie dát |
| 610 | 2 | 0 | |a systémy počítačové |
| 610 | 2 | 0 | |a používatelia |
| 610 | 2 | 0 | |a systémy informačné podnikové |
| 610 | 2 | 0 | |a využitie počítačov |
| 610 | 2 | 0 | |a výstavba systémov informačných |
| 610 | 2 | 0 | |a dáta |
| 610 | 2 | 0 | |a priemysel |
| 610 | 2 | 0 | |a obchod |
| 610 | 2 | 0 | |a doprava |
| 610 | 2 | 0 | |a plánovanie |
| 610 | 2 | 0 | |a manažment |
| 610 | 2 | 0 | |a podnik |
| 610 | 2 | 0 | |a strediská výpočtové |
| 610 | 2 | 0 | |a plánovanie strategické |
| 100 | 1 | |a Mertens, Peter | |
| 700 | 1 | |a Bodendorf, Freimut | |
| 700 | 1 | |a König, Wolfgang | |